000 00547nam a2200217Ia 4500
003 OSt
005 20231012095358.0
008 210210b2008 xxu||||| |||| 00| 0 eng d
040 _cAL
041 _aeng
082 _a658.8 SHAM
100 _aSHANBHAG (Santhosh)
_9137611
245 _aModern marketing
260 _aMangalore
_bSita Publishing House
_c2008
300 _aiii,303
650 _aV semester B Com
_9137612
690 _aMarketing Management
_9137613
700 _aAQUINAS (P G)
_9137614
906 _a062753
942 _2ddc
_cBK
999 _c129803
_d129803